Defamed President (Record no. 206791)

MARC details
000 -LEADER
fixed length control field 00550nam a22001937a 4500
005 - DATE AND TIME OF LATEST TRANSACTION
control field 20241028113432.0
010 ## - LCCN (DPL NO)
LC control number ENG-142468
020 ## - INTERNATIONAL STANDARD BOOK NUMBER
Terms of availability 1170.00
International Standard Book Number 9788192289700
035 ## - SYSTEM CONTROL NUMBER
System control number EN-126000
037 ## - SOURCE OF ACQUISITION
Source of stock number/acquisition DBAD/PUB
082 ## - DEWEY DECIMAL CLASSIFICATION NUMBER
Classification number N
100 ## - MAIN ENTRY--PERSONAL NAME
Personal name Pareek, S.R.
245 ## - TITLE STATEMENT
Title Defamed President
Statement of responsibility, etc by S.R. pareek
250 ## - EDITION STATEMENT
Edition statement 1
260 ## - PUBLICATION, DISTRIBUTION, ETC. (IMPRINT)
Place of publication, distribution, etc Rajasthan
Name of publisher, distributor, etc Parth Saarthi Publications
Date of publication, distribution, etc 2012
270 ## - ADDRESS
City Rajasthan
Electronic mail address ossrp@yahoo.in
Address A1344/18 Chithwadi Ka Baag, Gangpole, Jaipur
Postal code 302002
300 ## - PHYSICAL DESCRIPTION
Extent 164p.
Dimensions 18cm(pbk)
942 ## - ADDED ENTRY ELEMENTS (KOHA)
Source of classification or shelving scheme Dewey Decimal Classification
Item type English Books
Classification part N
Call number suffix PAR
Holdings
Withdrawn status Lost status Not for loan Collection code Home library Current library Date acquired Source of acquisition Cost, normal purchase price Full call number Barcode Copy number Cost, replacement price Koha item type
      Fiction Bawana Bawana 28/10/2024 DBAD 1170.00 N PAR EN-126000 1 1170.00 English Books

© Delhi Public Library
Hit Counter
free hit counter